000 00326nam a22001337a 4500
008 250630b |||||||| |||| 00| 0 eng d
020 _a0521257980
050 _aHD6668
_b.W36
100 _aDOROTHY Wedderburn
245 _aThe Democratic Ideal
260 _aUnited States
_bCarnbrin
_c1986
300 _avii, 129p.
942 _cBK
999 _c4015
_d4015